000 00408nam a2200145Ia 4500
008 211109s9999||||xx |||||||||||||| ||und||
082 _a894.8122
_bKES-K
100 _aKesava Dev, P
245 0 _aKesavainte Nadakangal
260 _bNational Book Stall
_aKottayam
_c1967
300 _a319p.
630 _xGeneral Stack
650 _aLiterature
_vmalayalam literatureMalayalam Drama
_xGeneralia
942 _cBOOK
999 _c29844
_d29844